|
|
|
|
| LEADER |
00000nam0a2200000 4500 |
| 001 |
144440 |
| 005 |
20231101221109.0 |
| 010 |
|
|
|a 526502349
|
| 020 |
|
|
|a RU
|b 93-27264
|
| 035 |
|
|
|a (RuTPU)RU\TPU\book\156534
|
| 090 |
|
|
|a 144440
|
| 100 |
|
|
|a 20081003d1993 m y0rusy5003 ca
|
| 101 |
0 |
|
|a rus
|
| 102 |
|
|
|a RU
|
| 105 |
|
|
|a a z 000ay
|
| 200 |
1 |
|
|a Ее называли княжна Тараканова
|e Роман-хроника; Рассказы
|f Н. М. Молева
|
| 210 |
|
|
|a Москва
|c Современный писатель
|d 1993
|
| 215 |
|
|
|a 393,[2] с.
|d 20 см
|
| 600 |
|
1 |
|a Тараканова
|b Е.
|c российская авантюристка
|c выдавала себя за дочь императрицы Елизаветы Петровны
|f около 1745-1775
|g Елизавета
|2 stltpush
|3 (RuTPU)RU\TPU\pers\12031
|9 3120
|
| 600 |
|
1 |
|a Рокотов
|g Федор Степанович
|b Ф. С.
|c российский живописец
|f 1735-1808
|2 stltpush
|3 (RuTPU)RU\TPU\pers\569
|
| 600 |
|
1 |
|a Боровиковский
|g Владимир Лукич
|b В. Л.
|c русский живописец
|f 1757-1825
|2 stltpush
|3 (RuTPU)RU\TPU\pers\1395
|
| 600 |
|
1 |
|a Алябьев
|b А. А.
|c русский композитор
|f 1787-1851
|g Александр Александрович
|2 stltpush
|3 (RuTPU)RU\TPU\pers\11050
|9 2425
|
| 610 |
1 |
|
|a Исторические романы и рассказы
|
| 675 |
|
|
|a Р2
|z rus
|
| 700 |
|
1 |
|a Молева
|b Н. М.
|g Нина Михайловна
|4 070
|
| 801 |
|
0 |
|a RU
|b RuMRKP
|c 19950413
|g psbo
|
| 801 |
|
1 |
|a RU
|b 63413507
|c 20081003
|g PSBO
|
| 801 |
|
2 |
|a RU
|b 63413507
|c 20081003
|g PSBO
|
| 942 |
|
|
|c BK
|